Geographic tables and formulas. (Record no. 25713)
[ view plain ]
| 000 -LEADER | |
|---|---|
| fixed length control field | 00634cam a22002291 4500 |
| 001 - CONTROL NUMBER | |
| control field | gs 16000661 |
| 003 - CONTROL NUMBER IDENTIFIER | |
| control field | DLC |
| 005 - DATE AND TIME OF LATEST TRANSACTION | |
| control field | 20260227111320.0 |
| 008 - FIXED-LENGTH DATA ELEMENTS--GENERAL INFORMATION | |
| fixed length control field | 720329s1916 xx 000 0 eng |
| 010 ## - LIBRARY OF CONGRESS CONTROL NUMBER | |
| LC control number | gs 16000661 |
| 035 ## - SYSTEM CONTROL NUMBER | |
| System control number | (OCoLC)272834 |
| 040 ## - CATALOGING SOURCE | |
| Original cataloging agency | DLC |
| Transcribing agency | ODaWU |
| Modifying agency | DLC |
| 042 ## - AUTHENTICATION CODE | |
| Authentication code | premarc |
| 050 00 - LIBRARY OF CONGRESS CALL NUMBER | |
| Classification number | QE75 |
| Item number | .B9 no. 650 |
| 100 1# - MAIN ENTRY--PERSONAL NAME | |
| Personal name | Gannett, Samuel S. |
| Fuller form of name | (Samuel Stinson), |
| Dates associated with a name | 1861-1939. |
| 245 10 - TITLE STATEMENT | |
| Title | Geographic tables and formulas. |
| 250 ## - EDITION STATEMENT | |
| Edition statement | 4th ed. |
| 260 ## - PUBLICATION, DISTRIBUTION, ETC. | |
| Name of publisher, distributor, etc. | Govt. Print. Off., |
| Date of publication, distribution, etc. | 1916. |
| 300 ## - PHYSICAL DESCRIPTION | |
| Extent | 388 p. |
| 410 20 - SERIES STATEMENT/ADDED ENTRY--CORPORATE NAME [OBSOLETE, CAN/MARC], [LOCAL, USA] | |
| Corporate name or jurisdiction name as entry element | Geological Survey (U.S.) |
| Title of a work | Bulletin |
| Volume number/sequential designation | 650 |
| 650 #0 - SUBJECT ADDED ENTRY--TOPICAL TERM | |
| Topical term or geographic name entry element | Mathematical geography |
| General subdivision | Tables. |
No items available.